Neuroprotective effects of phosphatidylcholine and L-alpha-glycerylphosphorylcholine in experimental inflammation

Elmentve itt :
Bibliográfiai részletek
Szerző: Tőkés Tünde
További közreműködők: Boros Mihály (Témavezető)
Dokumentumtípus: Disszertáció
Megjelent: 2013-12-16
Tárgyszavak:
doi:10.14232/phd.2006

mtmt:2791670
Online Access:http://doktori.ek.szte.hu/2006
LEADER 01303nta a2200253 i 4500
001 dokt2006
005 20200127122346.0
008 131207s2013 hu om 0|| eng d
024 7 |a 10.14232/phd.2006  |2 doi 
024 7 |a 2791670  |2 mtmt 
040 |a SZTE Doktori Repozitórium  |b hun 
041 |a eng 
100 1 |a Tőkés Tünde 
245 1 0 |a Neuroprotective effects of phosphatidylcholine and L-alpha-glycerylphosphorylcholine in experimental inflammation  |h [elektronikus dokumentum] /  |c  Tőkés Tünde 
260 |c 2013-12-16 
502 |a Disszertacio 
650 4 |a elméleti orvostudományok 
700 1 |a Boros Mihály  |e ths 
856 4 0 |u https://doktori.bibl.u-szeged.hu/id/eprint/2006/1/Tokes_Tunde_phd_disszertacio_2013.pdf  |z Dokumentum-elérés  
856 4 0 |u https://doktori.bibl.u-szeged.hu/id/eprint/2006/2/Tokes_Tunde_angol%20tezisfuzet_2013.pdf  |z Dokumentum-elérés  
856 4 0 |u https://doktori.bibl.u-szeged.hu/id/eprint/2006/5/Tokes_GPC_Brain.pdf  |z Dokumentum-elérés  
856 4 0 |u https://doktori.bibl.u-szeged.hu/id/eprint/2006/6/Tokes_EJN_IR_GPC_final.pdf  |z Dokumentum-elérés  
856 4 0 |u https://doktori.bibl.u-szeged.hu/id/eprint/2006/3/Tokes_Shock_2011.pdf  |z Dokumentum-elérés  
856 4 0 |u https://doktori.bibl.u-szeged.hu/id/eprint/2006/4/Tokes_IJRB_2013.pdf  |z Dokumentum-elérés